Carta ambiental / (Registro nro. 19645)

Detalles MARC
000 -CABECERA
Campo de control 00934cas a2200229 a 4500
005 - FECHA Y HORA DE LA ULTIMA TRANSACCION
Campo de control 20191224042328.0
008 - ELEMENTOS DE LONGITUD FIJA—INFORMACION GENERAL
Campo de control 050804c19989999ck mr p r 0 0a0spa d
040 ## - FUENTE DE CATALOGACIÓN
Agencia catalogadora original hm
Agencia transcriptora hm
Agencia Modificadora CO-BoIAVH
041 0# - IDIOMA
Código de idioma para texto/pista de sonido o título separado Español
044 ## - PAÍS DE PUBLICACIÓN
País de publicación Colombia
090 ## - CLASIFICACIÓN LOCAL
Colección SE
245 00 - MENCION DE TITULO
Título Carta ambiental /
Mención de responsabilidad Corporación Autónoma Regional de Cundinamarca
260 ## - PUBLICACION, DISTRIBUCION, ETC. (PIE DE IMPRENTA)
Lugar de publicación, distribución, etc. Bogotá :
Nombre del editor, distribuidor, etc. Corporación Autónoma Regional de Cundinamarca,
Fecha de publicación, distribución, etc. [1998?]- .
300 ## - DESCRIPCION FISICA
Otros detalles físicos ilustraciones ;
Dimensiones 28 x 21 cm.
650 26 - ASIENTO SECUNDARIO DE MATERIA - TERMINO TEMATICO
Término temático o nombre geográfico como elemento de entrada Medio ambiente
Subdivisión geográfica Colombia
Subdivisión de forma Publicaciones periódicas
9 (RLIN) 82139
650 26 - ASIENTO SECUNDARIO DE MATERIA - TERMINO TEMATICO
Término temático o nombre geográfico como elemento de entrada Control ambiental
Subdivisión geográfica Colombia
Subdivisión de forma Publicaciones periódicas
9 (RLIN) 82140
650 26 - ASIENTO SECUNDARIO DE MATERIA - TERMINO TEMATICO
Término temático o nombre geográfico como elemento de entrada Política ambiental
Subdivisión geográfica Colombia
Subdivisión de forma Publicaciones periódicas
9 (RLIN) 82141
650 26 - ASIENTO SECUNDARIO DE MATERIA - TERMINO TEMATICO
Término temático o nombre geográfico como elemento de entrada Protección ambiental
Subdivisión geográfica Colombia
Subdivisión de forma Publicaciones periódicas
9 (RLIN) 82142
651 ## - ASIENTO SECUNDARIO DE MATERIA - NOMBRE GEOGRAFICO
Nombre geográfico Bogotá (Colombia)
Subdivisión de forma Publicaciones periódicas
9 (RLIN) 82143
710 2# - ASIENTO SECUNDARIO - NOMBRE CORPORATIVO
Nombre corporativo o de jurisdicción como elemento de entrada Corporación Autónoma Regional de Cundinamarca
9 (RLIN) 3054
942 ## - ELEMENTOS ADICIONALES (KOHA)
Sistema de clasificación Local
Tipo de ítem Periodica o revista
Existencias
Withdrawn status Lost status Sistema de Clasificación Damaged status No para préstamo Colección Fecha publicación (Año) Número revista Inventariado Ubicación Permanente Ubicación actual Fecha de adquisición Datos de publicación Seriada Total Checkouts Número topográfico Inventario / Código de Barras Date last seen Ejemplar Price effective from Forma de adquisición Tipo de material
    Local     Hemeroteca 2011 26 Inventariado 2017 Bogotá Bogotá 15/06/2017 Edición No. 26 (01/09/2011)   SE 058130 15/06/2017 Ej. 1 15/06/2017 Donación Periodica o revista